El libro de las matemáticas: de Pitágoras a la 57º dimensión, 250 hitos de la historia de las matemáticas

Uloženo v:
Podrobná bibliografie
Hlavní autor: Pickover, Clifford A (Autor)
Médium: Kniha
Jazyk:španělština
Vydáno: Librero 2011
Témata:
Tagy: Přidat tag
Žádné tagy, Buďte první, kdo vytvoří štítek k tomuto záznamu!

MARC

LEADER 00000cam a2200000 a 4500
001 UCG8011
003 CL-VaPUC
008 111104e20110000NE |||||||||||||||||spa|d
020 |a 9789089980977 
082 0 4 |a 510  |b PIC  |2 21 
100 0 |a Pickover, Clifford A  |e author  |9 558504 
245 1 3 |a El libro de las matemáticas: de Pitágoras a la 57º dimensión, 250 hitos de la historia de las matemáticas 
300 |a 527 p 
942 |c BK 
945 |d 20111104 00:00:00  |a dcastane 
260 |b Librero  |c 2011 
650 0 |a Matemática  |9 260235 
650 7 |a JUEGOS MATEMATICOS  |2 CL-VaPUC  |9 558505 
583 |a last modification  |c 20111104 14:34:00  |k Rodrigo Vera 
999 |c 345660  |d 345658 
952 |0 0  |1 0  |4 0  |6 510_000000000000000_PIC_2011  |7 0  |8 C  |9 444642  |a BIBCUR  |b BIBCUR  |d 2019-11-22  |i 4794338  |o 510 PIC 2011  |p 4794338  |r 2025-04-22  |w 2019-11-22  |y BK  |k EXP 
952 |0 0  |1 0  |4 0  |6 510_000000000000000_PIC_2011  |7 0  |8 A  |9 444643  |a BIBING  |b BIBING  |d 2019-11-22  |i 4872835  |o 510 PIC 2011  |p 4872835  |r 2025-01-20  |w 2019-11-22  |y BK  |k CUI